Visualizzazione normale
Vista MARC
- Nannini Gianna
di Personal Name
Records bibliografici associati: 1
001 - CONTROL NUMBER
- control field: 16367
003 - CONTROL NUMBER IDENTIFIER
- control field: IT-RoPau
005 - DATE AND TIME OF LATEST TRANSACTION
- control field: 20140313152420.0
008 - FIXED-LENGTH DATA ELEMENTS
- fixed length control field: 140313|| aca||aabn | a|a d
040 ## - CATALOGING SOURCE
- Original cataloging agency: IT-RoPau
- Transcribing agency: IT-RoPau
100 ## - HEADING--PERSONAL NAME
- Personal name: Nannini Gianna
- Relator term: Autore testo e musica
- Miscellaneous information: Codice autore testo/musica SPICS: 11297
670 ## - SOURCE DATA FOUND
- Source citation: Work cat.: (IT-RoPau)101873: Nannini Gianna 15633, Sconcerto rock